[Event "Foz do Iguacu op 3rd"]
[Site "Foz do Iguacu"]
[Date "2013.06.02"]
[Round "5"]
[White "Mendonca Campelo, Higor Carlos"]
[Black "Osipi, Jair"]
[Result "1/2-1/2"]
[WhiteElo "2041"]
[BlackElo "2214"]
[PlyCount "31"]
[EventDate "2013.05.31"]
[EventType "swiss"]
[EventRounds "6"]
[EventCountry "BRA"]
[SourceTitle "OM OTB B 201907"]
[Source "Opening Master"]
[SourceDate "2019.07.06"]
[SourceVersion "2"]
[SourceVersionDate "2019.07.06"]
[SourceQuality "1"]

1. e4 c5 2. Nf3 Nc6 3. d4 cxd4 4. Nxd4 Nf6 5. Nc3 d6 6. Be2 e5 7. Nb3 Be7 8.
O-O Be6 9. f4 Na5 10. f5 Bd7 11. Bg5 Bc6 12. Bxf6 Bxf6 13. Nd5 Nxb3 14. axb3
O-O 15. Kh1 Bxd5 16. Qxd5 1/2-1/2

[Event "Foz do Iguacu op 3rd"]
[Site "Foz do Iguacu"]
[Date "2013.06.02"]
[Round "5"]
[White "Quevedo Naissinger, Willian"]
[Black "De Campos Filho, Sergio Luis"]
[Result "1-0"]
[WhiteElo "1978"]
[BlackElo "1840"]
[PlyCount "59"]
[EventDate "2013.05.31"]
[EventType "swiss"]
[EventRounds "6"]
[EventCountry "BRA"]
[SourceTitle "OM OTB B 201907"]
[Source "Opening Master"]
[SourceDate "2019.07.06"]
[SourceVersion "2"]
[SourceVersionDate "2019.07.06"]
[SourceQuality "1"]

1. e4 c5 2. Nf3 d6 3. d4 cxd4 4. Nxd4 Nf6 5. Nc3 Nc6 6. Be2 e5 7. Nb3 Be6 8.
Bg5 Be7 9. Qd2 O-O 10. Rd1 Ne8 11. Bxe7 Qxe7 12. O-O f5 13. Nd5 Qf7 14. exf5
Qxf5 15. Na5 Qf7 16. Ne3 Rd8 17. Bf3 Nxa5 18. Qxa5 b6 19. Qd2 Nf6 20. Qb4 d5
21. c3 e4 22. Be2 Nh5 23. Bxh5 Qxh5 24. Qd4 Qg5 25. c4 Bh3 26. Kh1 Be6 27. cxd5
Bxd5 28. Nxd5 Kh8 29. Qc4 h6 30. Ne3 1-0

[Event "Rhein Main op-A 16th"]
[Site "Bad Homburg"]
[Date "2013.06.01"]
[Round "5"]
[White "Reimer, Otto"]
[Black "Boeddeker, Henry"]
[Result "0-1"]
[WhiteElo "1917"]
[BlackElo "1704"]
[PlyCount "84"]
[EventDate "2013.05.29"]
[EventType "swiss"]
[EventRounds "7"]
[EventCountry "GER"]
[SourceTitle "OM OTB B 201907"]
[Source "Opening Master"]
[SourceDate "2019.07.06"]
[SourceVersion "2"]
[SourceVersionDate "2019.07.06"]
[SourceQuality "1"]

1. e4 c5 2. Nf3 Nc6 3. d4 cxd4 4. Nxd4 Nf6 5. Nc3 d6 6. Be2 e5 7. Nb3 Be7 8.
Be3 Be6 9. f3 d5 10. exd5 Nxd5 11. Nxd5 Qxd5 12. Qxd5 Bxd5 13. c4 Bb4+ 14. Nd2
Be6 15. O-O-O O-O 16. a3 Be7 17. Ne4 Rac8 18. Nd6 Bxd6 19. Rxd6 Na5 20. Bxa7
Bxc4 21. Kd1 Bb3+ 22. Ke1 Rc1+ 23. Bd1 Nc4 24. Rd7 Nxb2 25. Ke2 Rxd1 26. Rhxd1
Bxd1+ 27. Kd2 Ba4 28. Rxb7 Nc4+ 29. Kc3 Rc8 30. Kb4 Be8 31. a4 Nd6 32. Rb8 f6
33. a5 Kf7 34. a6 Ke6 35. Rxc8 Nxc8 36. Bc5 Bc6 37. Bf8 g6 38. Kc5 Ba8 39. h4
f5 40. Bh6 f4 41. Kc4 Kf5 42. Kd3 Bc6 0-1

[Event "Foz do Iguacu op 3rd"]
[Site "Foz do Iguacu"]
[Date "2013.05.31"]
[Round "2"]
[White "Franceschina, Dalvan Jose"]
[Black "Osipi, Jair"]
[Result "1-0"]
[WhiteElo "1983"]
[BlackElo "2214"]
[PlyCount "71"]
[EventDate "2013.05.31"]
[EventType "swiss"]
[EventRounds "6"]
[EventCountry "BRA"]
[SourceTitle "OM OTB B 201907"]
[Source "Opening Master"]
[SourceDate "2019.07.06"]
[SourceVersion "2"]
[SourceVersionDate "2019.07.06"]
[SourceQuality "1"]

1. e4 c5 2. Nf3 Nc6 3. d4 cxd4 4. Nxd4 Nf6 5. Nc3 d6 6. Be2 e5 7. Nb3 Be7 8.
Be3 O-O 9. Qd2 a6 10. O-O b5 11. a3 Be6 12. Rad1 h6 13. h3 Re8 14. Kh1 Bf8 15.
f4 Rb8 16. Nc1 exf4 17. Bxf4 b4 18. axb4 Nxb4 19. Bf3 Nd7 20. Nd3 Nxd3 21. cxd3
Ne5 22. Be2 Qb6 23. Rb1 Qb4 24. Be3 a5 25. Bd1 Rec8 26. Be2 a4 27. Rfc1 a3 28.
bxa3 Qxa3 29. Rxb8 Rxb8 30. Nd1 Rb3 31. d4 Nd3 32. Rc3 Nb4 33. d5 Bd7 34. Bd4
Ba4 35. Rc1 Rg3 36. Ne3 1-0

[Event "Foz do Iguacu op 3rd"]
[Site "Foz do Iguacu"]
[Date "2013.05.31"]
[Round "1"]
[White "Mendonca Campelo, Higor Carlos"]
[Black "De Campos Filho, Sergio Luis"]
[Result "1-0"]
[WhiteElo "2041"]
[BlackElo "1840"]
[PlyCount "37"]
[EventDate "2013.05.31"]
[EventType "swiss"]
[EventRounds "6"]
[EventCountry "BRA"]
[SourceTitle "OM OTB B 201907"]
[Source "Opening Master"]
[SourceDate "2019.07.06"]
[SourceVersion "2"]
[SourceVersionDate "2019.07.06"]
[SourceQuality "1"]

1. e4 c5 2. Nf3 d6 3. d4 cxd4 4. Nxd4 Nf6 5. Nc3 Nc6 6. Be2 e5 7. Nb3 Be6 8.
O-O Be7 9. f4 O-O 10. f5 Bxb3 11. axb3 Nd4 12. Kh1 d5 13. exd5 Nxd5 14. Nxd5
Qxd5 15. c3 Bc5 16. cxd4 Bxd4 17. f6 g6 18. Qd2 Kh8 19. Rf3 1-0

[Event "GER-ch U18 Girls"]
[Site "Oberhof"]
[Date "2013.05.25"]
[Round "9"]
[White "Liez, Franziska"]
[Black "Duessler, Stefanie"]
[Result "0-1"]
[WhiteElo "1844"]
[BlackElo "2019"]
[PlyCount "192"]
[EventDate "2013.05.19"]
[EventType "swiss"]
[EventRounds "9"]
[EventCountry "GER"]
[SourceTitle "OM OTB B 201907"]
[Source "Opening Master"]
[SourceDate "2019.07.06"]
[SourceVersion "2"]
[SourceVersionDate "2019.07.06"]
[SourceQuality "1"]

1. e4 c5 2. Nf3 Nc6 3. Nc3 d6 4. d4 cxd4 5. Nxd4 Nf6 6. Be2 e5 7. Nb3 Be7 8.
Be3 O-O 9. O-O Be6 10. Bf3 a5 11. Nd5 a4 12. Nd2 Bxd5 13. exd5 Nb8 14. c4 Nbd7
15. b4 axb3 16. axb3 b6 17. Qc2 Ne8 18. Bg4 Nef6 19. Be2 Qc7 20. Qb2 Rab8 21.
Rfc1 Ne8 22. Qa3 f5 23. f3 Bf6 24. Ra2 Qd8 25. Kh1 Bg5 26. Bg1 Qe7 27. Re1 Nc7
28. Qb2 Rfc8 29. Bd3 g6 30. Nb1 b5 31. Qe2 Kg7 32. Nc3 bxc4 33. bxc4 Rb3 34.
Nb1 Rcb8 35. Nd2 Rb2 36. Rxb2 Rxb2 37. Rd1 Na6 38. Qe1 Ndc5 39. Be2 Qb7 40. Nb1
Qb3 41. Nc3 Qc2 42. Bf1 Bd2 43. Rxd2 Qxd2 44. Qxd2 Rxd2 45. Be3 Rb2 46. Nb5 Nb7
47. Kg1 Kf7 48. Bg5 Ke8 49. h4 Kd7 50. Bd3 Nac5 51. Bf1 Na5 52. Kh2 Rf2 53. Kg1
Rc2 54. Na3 Ra2 55. Nb5 Nab3 56. Bh6 Nd4 57. Nc3 Rc2 58. Nd1 f4 59. Nf2 Rc1 60.
Ng4 Ne2+ 61. Kf2 Ng3 62. Nh2 Nxf1 63. Nxf1 Rxc4 64. Nh2 Rc2+ 65. Kf1 Ke7 66.
Bg5+ Kf7 67. Ng4 Rd2 68. g3 h5 69. Nf6 Rd3 70. gxf4 exf4 71. Kf2 Rd2+ 72. Ke1
Ra2 73. Kf1 Rb2 74. Kg1 Nd3 75. Ne4 Rb1+ 76. Kg2 Rb6 77. Kf1 Ke8 78. Nf6+ Kd8
79. Nxh5+ Kc7 80. Nf6 Rb2 81. Ne4 Rb4 82. Be7 Kd7 83. Bg5 Rd4 84. Nf6+ Kc7 85.
Ne8+ Kd7 86. Nf6+ Kc8 87. Ke2 Nb4 88. Bh6 Nxd5 89. Nxd5 Rxd5 90. Bxf4 Kd7 91.
Ke3 Ke6 92. Ke4 Ra5 93. Bg5 Ra4+ 94. Kd3 Ke5 95. Ke3 Ra3+ 96. Kd2 Rxf3 0-1

[Event "Asian Continental op 12th"]
[Site "Manila"]
[Date "2013.05.25"]
[Round "8"]
[White "Dzhumaev, Marat"]
[Black "Li, Chao B"]
[Result "0-1"]
[WhiteElo "2549"]
[BlackElo "2686"]
[PlyCount "104"]
[EventDate "2013.05.18"]
[EventType "swiss"]
[EventRounds "9"]
[EventCountry "PHI"]
[SourceTitle "OM OTB B 201907"]
[Source "Opening Master"]
[SourceDate "2019.07.06"]
[SourceVersion "2"]
[SourceVersionDate "2019.07.06"]
[SourceQuality "1"]

1. e4 c5 2. Nf3 d6 3. d4 cxd4 4. Nxd4 Nf6 5. Nc3 Nc6 6. Be2 e5 7. Nb3 Be7 8.
O-O O-O 9. Kh1 a5 10. a4 Nb4 11. f4 Bd7 12. Be3 Rc8 13. Bf3 Qc7 14. Rf2 b6 15.
Rd2 Bc6 16. Qg1 Rb8 17. Qe1 Qb7 18. Bf2 Rfe8 19. fxe5 dxe5 20. Bg3 Nd7 21. Nb5
f5 22. Rad1 Bf8 23. c3 Na6 24. Qe2 f4 25. Na7 Bxa4 26. Qc4+ Kh8 27. Qxa4 Ndc5
28. Nxc5 Nxc5 29. Qc4 fxg3 30. Nb5 gxh2 31. Rd5 a4 32. Nd6 Bxd6 33. Rxd6 Rf8
34. Kxh2 Qe7 35. Kg1 Qg5 36. Qe2 b5 37. R1d5 Nb3 38. Re6 b4 39. Rexe5 Qc1+ 40.
Rd1 bxc3 41. bxc3 Qxc3 42. Red5 a3 43. e5 Nc1 44. Qe1 Qxe1+ 45. Rxe1 a2 46. Ra5
Nd3 47. Rd1 Nb4 48. Ra7 Rfe8 49. Kf2 Rxe5 50. Rd2 h6 51. Bd1 Rc5 52. Bb3 Nc6
0-1

[Event "FICS unrated standard game"]
[Site "FICS freechess.org"]
[Date "2013.05.25"]
[Round "?"]
[White "GMDzhumaev"]
[Black "GMChaobLi"]
[Result "0-1"]
[WhiteElo "2549"]
[BlackElo "2686"]
[PlyCount "104"]
[EventDate "2013.??.??"]

1. e4 c5 2. Nf3 d6 3. d4 cxd4 4. Nxd4 Nf6 5. Nc3 Nc6 6. Be2 e5 7. Nb3 Be7 8.
O-O O-O 9. Kh1 a5 10. a4 Nb4 11. f4 Bd7 12. Be3 Rc8 13. Bf3 Qc7 14. Rf2 b6 15.
Rd2 Bc6 16. Qg1 Rb8 17. Qe1 Qb7 18. Bf2 Rfe8 19. fxe5 dxe5 20. Bg3 Nd7 21. Nb5
f5 22. Rad1 Bf8 23. c3 Na6 24. Qe2 f4 25. Na7 Bxa4 26. Qc4+ Kh8 27. Qxa4 Ndc5
28. Nxc5 Nxc5 29. Qc4 fxg3 30. Nb5 gxh2 31. Rd5 a4 32. Nd6 Bxd6 33. Rxd6 Rf8
34. Kxh2 Qe7 35. Kg1 Qg5 36. Qe2 b5 37. R1d5 Nb3 38. Re6 b4 39. Rexe5 Qc1+ 40.
Rd1 bxc3 41. bxc3 Qxc3 42. Red5 a3 43. e5 Nc1 44. Qe1 Qxe1+ 45. Rxe1 a2 46. Ra5
Nd3 47. Rd1 Nb4 48. Ra7 Rfe8 49. Kf2 Rxe5 50. Rdd7 h6 51. Bd1 Rc5 52. Bb3 Nc6
0-1

[Event "FICS rated standard game"]
[Site "FICS freechess.org"]
[Date "2013.05.25"]
[Round "?"]
[White "Windhundd"]
[Black "Sillycon"]
[Result "1-0"]
[WhiteElo "2362"]
[BlackElo "2414"]
[PlyCount "101"]
[EventDate "2013.??.??"]

1. e4 c5 2. Nf3 Nc6 3. d4 cxd4 4. Nxd4 Nf6 5. Nc3 d6 6. Be2 e5 7. Nf3 h6 8. O-O
Be7 9. Re1 Be6 10. Bf1 Rc8 11. Nd5 O-O 12. h3 Bxd5 13. exd5 Na5 14. b3 e4 15.
Nh2 Qc7 16. c4 Qd7 17. Bb2 Bd8 18. Qd4 b5 19. Rxe4 bxc4 20. bxc4 Bb6 21. Qc3
Bxf2+ 22. Kh1 Nh5 23. Ng4 Ng3+ 24. Kh2 f5 25. Nxh6+ Kh7 26. Re6 Qc7 27. Qf3 Qb6
28. Bc3 Nxc4 29. Bd3 Ne3 30. Bxg7 Kxg7 31. Qxf2 Ne4 32. Re7+ Kg6 33. Rxe4 fxe4
34. Bxe4+ Kg7 35. Qg3+ Kf6 36. h4 Ke7 37. Qg7+ Kd8 38. Qxf8+ Kd7 39. Qf7+ Kd8
40. Qf8+ Kd7 41. Qf7+ Kd8 42. Bf5 Qb5 43. Rb1 Nf1+ 44. Kg1 Qc5+ 45. Kh1 Ng3+
46. Kh2 Nxf5 47. Nxf5 Qe3 48. Nxe3 Rc7 49. Qf8+ Kd7 50. Rf1 Rc1 51. Rf7# 1-0

[Event "Gligoric Cup"]
[Site "Banja Koviljaca"]
[Date "2013.05.21"]
[Round "2.4"]
[White "Paroski, Sinisa"]
[Black "Arsovic, Zoran"]
[Result "1/2-1/2"]
[WhiteElo "2167"]
[BlackElo "2434"]
[PlyCount "81"]
[EventDate "2013.05.20"]
[EventType "team-swiss"]
[EventRounds "7"]
[EventCountry "SRB"]
[SourceTitle "OM OTB B 201907"]
[Source "Opening Master"]
[SourceDate "2019.07.06"]
[SourceVersion "2"]
[SourceVersionDate "2019.07.06"]
[SourceQuality "1"]

1. e4 c5 2. Nf3 d6 3. d4 cxd4 4. Nxd4 Nf6 5. Nc3 Nc6 6. Be2 e5 7. Nb3 Be7 8.
O-O O-O 9. f3 a5 10. a4 Be6 11. Nd5 Bxd5 12. exd5 Nb4 13. c4 Nd7 14. Be3 Bg5
15. f4 exf4 16. Bxf4 Bxf4 17. Rxf4 Na6 18. Qd2 Nac5 19. Nd4 Ne5 20. Qc2 Qg5 21.
Raf1 Rae8 22. Nf5 Qd8 23. Kh1 g6 24. Nd4 Qe7 25. b3 Ned7 26. Bd1 Qe3 27. Qf2
Qxf2 28. R4xf2 b6 29. Kg1 Re3 30. Rf3 Rxf3 31. Bxf3 Re8 32. Rb1 Re3 33. Kf2 Rd3
34. Nb5 Nb7 35. Ke2 Ndc5 36. b4 axb4 37. Rxb4 Kf8 38. Na7 Ra3 39. Rxb6 Rxa4 40.
Nc8 Rxc4 41. Nxd6 1/2-1/2

[Event "Asian Continental op (Women) 12th"]
[Site "Manila"]
[Date "2013.05.20"]
[Round "3"]
[White "Medina, Warda Aulia"]
[Black "Docena, Jedara"]
[Result "1-0"]
[WhiteElo "2320"]
[BlackElo "2019"]
[PlyCount "75"]
[EventDate "2013.05.18"]
[EventType "swiss"]
[EventRounds "9"]
[EventCountry "PHI"]
[SourceTitle "OM OTB B 201907"]
[Source "Opening Master"]
[SourceDate "2019.07.06"]
[SourceVersion "2"]
[SourceVersionDate "2019.07.06"]
[SourceQuality "1"]

1. e4 c5 2. Nf3 Nc6 3. d4 cxd4 4. Nxd4 Nf6 5. Nc3 d6 6. Be2 e5 7. Nb3 Be7 8.
O-O O-O 9. Re1 a5 10. a4 Nb4 11. Bf3 Be6 12. Nb5 Bc4 13. Nd2 Bxb5 14. axb5 Qb6
15. Be2 d5 16. c3 dxe4 17. Nc4 Qxb5 18. cxb4 Bxb4 19. Bd2 Bc5 20. Bxa5 Qc6 21.
Bc3 b5 22. Rxa8 Qxa8 23. Ne3 Qb8 24. b4 Rd8 25. bxc5 Rxd1 26. Rxd1 h6 27. c6
Qb6 28. Bxb5 Ne8 29. Ba4 Kh7 30. h3 Qa6 31. Bb3 f6 32. Bd5 Qa4 33. Ra1 Qb5 34.
Bxe4+ Kg8 35. Ra8 Kf7 36. Ra7+ Ke6 37. Bd5+ Kd6 38. Rb7 1-0

[Event "Hradec Kralove op"]
[Site "Hradec Kralove"]
[Date "2013.05.17"]
[Round "3"]
[White "Kastner, Oldrich"]
[Black "Rosko, Lubos"]
[Result "0-1"]
[WhiteElo "2082"]
[BlackElo "2332"]
[PlyCount "74"]
[EventDate "2013.05.15"]
[EventType "swiss"]
[EventRounds "9"]
[EventCountry "CZE"]
[SourceTitle "OM OTB B 201907"]
[Source "Opening Master"]
[SourceDate "2019.07.06"]
[SourceVersion "2"]
[SourceVersionDate "2019.07.06"]
[SourceQuality "1"]

1. e4 c5 2. Nf3 d6 3. d4 cxd4 4. Nxd4 Nf6 5. Nc3 Nc6 6. Be2 e5 7. Ndb5 a6 8.
Na3 b5 9. Nd5 Be7 10. Nxe7 Qxe7 11. O-O Bb7 12. f3 d5 13. exd5 Qc5+ 14. Kh1
Nxd5 15. c4 bxc4 16. Bxc4 Rd8 17. Qe1 O-O 18. Bg5 Rd7 19. Rc1 Qd6 20. Bb3 Qg6
21. Qg3 h6 22. Bd2 Qxg3 23. hxg3 Nd4 24. Ba4 Rdd8 25. Kh2 Nb6 26. Ba5 Nxa4 27.
b3 Rd5 28. Bb4 Nb6 29. Bxf8 Kxf8 30. Rc7 Rd7 31. Rxd7 Nxd7 32. Rc1 Bc6 33. Nc4
Ke7 34. Na5 Kd6 35. b4 f5 36. a3 Bd5 37. Rc8 e4 0-1

[Event "Hradec Kralove op"]
[Site "Hradec Kralove"]
[Date "2013.05.15"]
[Round "1"]
[White "Flasar, Jaroslav"]
[Black "Kolibik, Jan"]
[Result "1-0"]
[WhiteElo "1989"]
[BlackElo "1701"]
[PlyCount "39"]
[EventDate "2013.05.15"]
[EventType "swiss"]
[EventRounds "9"]
[EventCountry "CZE"]
[SourceTitle "OM OTB B 201907"]
[Source "Opening Master"]
[SourceDate "2019.07.06"]
[SourceVersion "2"]
[SourceVersionDate "2019.07.06"]
[SourceQuality "1"]

1. e4 c5 2. Nf3 d6 3. d4 cxd4 4. Nxd4 Nf6 5. Nc3 Nc6 6. Be2 e5 7. Nb3 a6 8. Be3
b5 9. Nd5 Rb8 10. f3 Be6 11. c4 Bxd5 12. exd5 bxc4 13. dxc6 cxb3 14. axb3 a5
15. Qc2 Qc7 16. Bd2 Qb6 17. c7 Rc8 18. Bxa5 Qc5 19. Qxc5 dxc5 20. Ba6 1-0

[Event "Warsaw-ch opA 66th"]
[Site "Warsaw"]
[Date "2013.05.11"]
[Round "1"]
[White "Kasperkiewicz, Pawel"]
[Black "Kowalska, Elzbieta"]
[Result "1/2-1/2"]
[WhiteElo "2108"]
[BlackElo "1891"]
[PlyCount "88"]
[EventDate "2013.05.11"]
[EventType "swiss"]
[EventRounds "9"]
[EventCountry "POL"]
[SourceTitle "OM OTB B 201907"]
[Source "Opening Master"]
[SourceDate "2019.07.06"]
[SourceVersion "2"]
[SourceVersionDate "2019.07.06"]
[SourceQuality "1"]

1. e4 c5 2. Nf3 Nc6 3. d4 cxd4 4. Nxd4 Nf6 5. Nc3 d6 6. Be2 e5 7. Nb3 Be7 8.
O-O a5 9. a4 O-O 10. f4 Nb4 11. Kh1 Be6 12. Be3 Rc8 13. Nd2 exf4 14. Bxf4 d5
15. e5 Nd7 16. Nb3 Bg5 17. Bg3 b6 18. Nd4 Nc5 19. Bf3 Be3 20. Bf2 Bf4 21. Qe2
Nd7 22. Ncb5 Bxe5 23. c3 Nc6 24. Nxc6 Rxc6 25. Rad1 Qb8 26. Nd4 Rc4 27. Rfe1
Re8 28. h3 Rcc8 29. Qb5 Rc5 30. Qb3 Rc4 31. Qb5 Qd6 32. Be2 Rcc8 33. Nf3 Bg3
34. Bxg3 Qxg3 35. Nd4 Rc5 36. Qb3 g6 37. Bf3 Qc7 38. Re3 Nf6 39. Rde1 Ne4 40.
Bxe4 dxe4 41. Nxe6 Rxe6 42. Rxe4 Rxe4 43. Rxe4 Rf5 44. Qd1 h5 1/2-1/2

[Event "Wunsiedel op 7th"]
[Site "Wunsiedel"]
[Date "2013.05.09"]
[Round "2"]
[White "Bader, Dominic1"]
[Black "Tischbierek, Raj"]
[Result "0-1"]
[WhiteElo "2134"]
[BlackElo "2433"]
[PlyCount "54"]
[EventDate "2013.05.09"]
[EventType "swiss"]
[EventRounds "7"]
[EventCountry "GER"]
[SourceTitle "OM OTB B 201907"]
[Source "Opening Master"]
[SourceDate "2019.07.06"]
[SourceVersion "2"]
[SourceVersionDate "2019.07.06"]
[SourceQuality "1"]

1. e4 c5 2. Nf3 d6 3. d4 cxd4 4. Nxd4 Nf6 5. Nc3 Nc6 6. Be2 e5 7. Nb3 Be7 8.
Be3 O-O 9. h3 a5 10. Nd5 Nxe4 11. Bb6 Qd7 12. Nc7 Rb8 13. Bg4 f5 14. Qd5+ Rf7
15. Qxe4 fxe4 16. Bxd7 Bxd7 17. O-O-O Rc8 18. Kb1 Bd8 19. Nd5 Be6 20. Be3 a4
21. Nc1 a3 22. Ne2 axb2 23. Nec3 Nd4 24. Bxd4 exd4 25. Rxd4 Rxf2 26. Kxb2 Bxd5
27. Rxd5 Bf6 0-1

[Event "FICS rated standard game"]
[Site "FICS freechess.org"]
[Date "2013.05.08"]
[Round "?"]
[White "zhengqjf"]
[Black "Chumby"]
[Result "0-1"]
[WhiteElo "2203"]
[BlackElo "2319"]
[PlyCount "50"]
[EventDate "2013.??.??"]

1. e4 c5 2. Nf3 Nc6 3. d4 cxd4 4. Nxd4 Nf6 5. Nc3 d6 6. Be2 e5 7. Nb3 Be7 8.
O-O O-O 9. Be3 Be6 10. Kh1 d5 11. exd5 Nxd5 12. Nxd5 Qxd5 13. Qxd5 Bxd5 14. c4
Be4 15. f3 Bc2 16. Rac1 Bxb3 17. axb3 Nd4 18. Bd1 Rad8 19. Bf2 Bb4 20. Be1 Bc5
21. b4 Be7 22. b5 Rd7 23. b4 Rc8 24. Ba4 b6 25. Rf2 Rdc7 0-1

[Event "FICS rated standard game"]
[Site "FICS freechess.org"]
[Date "2013.05.06"]
[Round "?"]
[White "tsaichaojo"]
[Black "Chumby"]
[Result "0-1"]
[WhiteElo "2016"]
[BlackElo "2322"]
[PlyCount "30"]
[EventDate "2013.??.??"]

1. e4 c5 2. Nf3 d6 3. d4 cxd4 4. Nxd4 Nf6 5. Nc3 Nc6 6. Be2 e5 7. Nb3 Be7 8.
Be3 O-O 9. g4 Be6 10. g5 Ne8 11. Qd2 a5 12. a4 f5 13. exf5 Bxf5 14. Bc4+ Kh8
15. Nb5 Nb4 0-1

[Event "Southern California-chB playoff"]
[Site "Monterey Park"]
[Date "2013.05.04"]
[Round "9.1"]
[White "Geldhof, Bram"]
[Black "Frick, C. (bl)"]
[Result "1/2-1/2"]
[WhiteElo "1753"]
[BlackElo "1755"]
[PlyCount "26"]
[EventDate "2013.06.02"]
[EventType "match"]
[EventRounds "1"]
[EventCountry "USA"]
[SourceTitle "EXT 2014"]
[Source "ChessBase"]
[SourceDate "2013.11.20"]
[SourceVersion "1"]
[SourceVersionDate "2013.11.20"]
[SourceQuality "1"]
[WhiteTeam "Emsdetten Rochade II"]
[BlackTeam "Saerbeck II"]
[WhiteTeamCountry "GER"]
[BlackTeamCountry "GER"]

1. e4 c5 2. Nf3 Nc6 3. d4 cxd4 4. Nxd4 Nf6 5. Nc3 d6 6. Be2 e5 7. Nb3 Be7 8.
O-O O-O 9. Be3 Be6 10. f4 exf4 11. Bxf4 d5 12. exd5 Nxd5 13. Nxd5 Bxd5 1/2-1/2

[Event "Capablanca Memorial op-B 48th"]
[Site "Havana"]
[Date "2013.04.30"]
[Round "9"]
[White "Jodar Arias, Marlon"]
[Black "Zamora Rosales, Noslen"]
[Result "1-0"]
[WhiteElo "2170"]
[BlackElo "2205"]
[PlyCount "91"]
[EventDate "2013.04.21"]
[EventType "swiss"]
[EventRounds "9"]
[EventCountry "CUB"]
[SourceTitle "OM OTB B 201907"]
[Source "Opening Master"]
[SourceDate "2019.07.06"]
[SourceVersion "2"]
[SourceVersionDate "2019.07.06"]
[SourceQuality "1"]

1. e4 c5 2. Nf3 d6 3. d4 cxd4 4. Nxd4 Nf6 5. Nc3 Nc6 6. Be2 e5 7. Nf3 h6 8. O-O
Be7 9. h3 Be6 10. Re1 O-O 11. Bf1 Nh7 12. b3 Kh8 13. Bb2 f5 14. exf5 Bxf5 15.
Bd3 Bxd3 16. Qxd3 Nb4 17. Qe2 Qd7 18. Rad1 Qf5 19. Ne4 Qe6 20. c4 Nf6 21. Ng3
Nh7 22. c5 Rae8 23. cxd6 Bxd6 24. Qd2 Rxf3 25. Qxd6 Qxd6 26. Rxd6 Rf7 27. Rxe5
Ref8 28. Re2 Nf6 29. Nf5 Kh7 30. Bxf6 Rxf6 31. Rxf6 Rxf6 32. g4 Rf7 33. a3 Nd5
34. Re4 h5 35. Rd4 Nb6 36. Kg2 hxg4 37. hxg4 Rc7 38. Rd3 Nd7 39. f4 Nf6 40. Kf3
Kg6 41. Ne3 Kf7 42. Nc4 b6 43. Nd6+ Kf8 44. g5 Ng8 45. Nb5 Rc5 46. Rd8+ 1-0

[Event "Capablanca Memorial op-A 48th"]
[Site "Havana"]
[Date "2013.04.27"]
[Round "6"]
[White "Guerra Tulcan, Lenin"]
[Black "Larrua Gonzalez, Fernando Oscar"]
[Result "1/2-1/2"]
[WhiteElo "2372"]
[BlackElo "2295"]
[PlyCount "108"]
[EventDate "2013.04.21"]
[EventType "swiss"]
[EventRounds "10"]
[EventCountry "CUB"]
[SourceTitle "OM OTB B 201907"]
[Source "Opening Master"]
[SourceDate "2019.07.06"]
[SourceVersion "2"]
[SourceVersionDate "2019.07.06"]
[SourceQuality "1"]

1. e4 c5 2. Nf3 Nc6 3. d4 cxd4 4. Nxd4 Nf6 5. Nc3 d6 6. Be2 e5 7. Nf3 h6 8. O-O
Be7 9. b3 Be6 10. Bb2 O-O 11. Re1 a6 12. a4 Rc8 13. h3 Nb4 14. Bf1 Qc7 15. Nd2
Rfd8 16. Nc4 d5 17. exd5 Nfxd5 18. Nxd5 Rxd5 19. Qe2 Nc6 20. Nxe5 Nxe5 21. Bxe5
Qxc2 22. Qf3 Rd7 23. Qg3 Bf8 24. Re3 Rd1 25. Rxd1 Qxd1 26. Rd3 Qc2 27. Qh4 Bf5
28. Rg3 Qe4 29. Qxe4 Bxe4 30. Bc4 Rd8 31. Kf1 Bd5 32. Bxd5 Rxd5 33. Bc3 Rd6 34.
Ke2 f6 35. Rd3 Kf7 36. Rxd6 Bxd6 37. Kd3 Ke6 38. Kc4 h5 39. b4 b6 40. Bd4 Bc7
41. b5 a5 42. g4 hxg4 43. hxg4 g6 44. f3 Bd8 45. Bg1 Bc7 46. Bf2 Bd8 47. f4 f5
48. gxf5+ gxf5 49. Be3 Bc7 50. Bd4 Bd8 51. Be5 Be7 52. Bb8 Bd6 53. Bxd6 Kxd6
54. Kd4 Ke6 1/2-1/2

[Event "96th GK tournament"]
[Site "http://gameknot.com/chess.pl?"]
[Date "2013.04.23"]
[Round "?"]
[White "yulio"]
[Black "aboveoeuf"]
[Result "0-1"]
[WhiteElo "2120"]
[BlackElo "2470"]
[PlyCount "68"]
[EventDate "2013.??.??"]

1. e4 c5 2. Nf3 Nc6 3. d4 cxd4 4. Nxd4 Nf6 5. Nc3 d6 6. Be2 e5 7. Nf3 h6 8. O-O
Be7 9. Bc4 O-O 10. a3 Be6 11. Bxe6 fxe6 12. Be3 d5 13. exd5 exd5 14. Ne2 d4 15.
Bc1 Qd5 16. Nd2 e4 17. Nf4 Qf5 18. Ne2 Bd6 19. f4 Rad8 20. Ng3 Qg6 21. Nc4 Bc7
22. b4 b5 23. Nb2 Ng4 24. a4 Nxb4 25. axb5 d3 26. Kh1 e3 27. cxd3 Bxf4 28. Qb3+
Kh7 29. Bxe3 Nxe3 30. Qxb4 Nxf1 31. Nxf1 Rde8 32. d4 Re2 33. Ng3 Bxg3 34. Qxf8
Rxg2 0-1

[Event "SD-00163"]
[Site "LSS"]
[Date "2013.04.18"]
[Round "?"]
[White "Borodin, Sergey Viktorovich"]
[Black "Michos, Dionyssios"]
[Result "1/2-1/2"]
[WhiteElo "1588"]
[BlackElo "1642"]
[PlyCount "65"]
[EventDate "2013.02.14"]
[SourceTitle "LSS to Dec2020"]
[Source "LSS ed TH"]
[SourceDate "2021.01.12"]
[SourceVersion "3"]
[SourceVersionDate "2021.01.12"]
[SourceQuality "1"]

1. e4 c5 2. Nf3 d6 3. d4 cxd4 4. Nxd4 Nf6 5. Nc3 Nc6 6. Be2 e5 7. Nb3 Be7 8.
O-O Be6 9. Be3 O-O 10. Bf3 Na5 11. Nxa5 Qxa5 12. Qd2 Rfc8 13. Rfd1 b6 14. h3 h6
15. a3 Rc7 16. Qe1 Rac8 17. Bd2 Qa6 18. Be2 Bc4 19. Bxc4 Qxc4 20. Qe3 b5 21.
Be1 Rb7 22. b3 Qe6 23. Qd3 Qd7 24. Ra2 a6 25. Qe2 Rbc7 26. Nd5 Nxd5 27. Rxd5
Rc5 28. Qd3 Qc6 29. Bb4 Rxc2 30. Qxc2 Qxc2 31. Rxc2 Rxc2 32. Bxd6 Bxd6 33. Rxd6
1/2-1/2